000 00802nam a2200253Ia 4500
003 OSt
005 20220923213837.0
006 a|||||r|||| 00| 0
007 ta
008 220922b |||||||| |||| 00| 0 hin d
024 _a165,073
037 _cTextual
040 _aARTS
_cARTS
_bhin
041 _2hin
_ahin
082 _aO152,1:gN5, K9
100 _aशर्मा, वीणा
245 0 _aआधुनिक हिन्दी महाकाव्य
246 _aĀdhunik hindī hinākāvya
260 _aजयपुर
_b अनुपम प्रकाशन
_c1969
300 _a370पृ.
_ccm.
650 _aहिन्दी साहित्य
_9156264
942 _hO152,1:gN5, K9
_cTEXL
_2CC
999 _c319552
_d319552